| 000 | 01042nam a22002537a 4500 | ||
|---|---|---|---|
| 005 | 20170124103207.0 | ||
| 010 | _aB-076000 | ||
| 020 | _c70.00 | ||
| 035 | _aB-076000 | ||
| 037 | _bCen Lib/Ret | ||
| 040 |
_aDPL _bHN |
||
| 082 |
_a181.4 _bदीक्षित |
||
| 100 |
_aदीक्षित, विश्वप्रकाश _942819 |
||
| 245 |
_aशव से शव तक / _cविश्वप्रकाश दीक्षित |
||
| 246 |
_aShav se ashav tak / _bby Vishwa Prakash Dikshit |
||
| 260 |
_aमेरठ _bईशान प्रकाशन _c2001 |
||
| 270 |
_a17, शिवपुरी, निकट पुराना ईव्ज़ सिनेमा _bमेरठ _e250001 |
||
| 300 |
_a84पृ. _c21सेमी(सजिल्द) |
||
| 650 |
_aहिंदी साहित्य _994378 |
||
| 650 |
_aहिंदी दोहे _994379 |
||
| 650 |
_aHindi literature _994380 |
||
| 650 |
_aHindi couplets _949760 |
||
| 942 |
_2ddc _cHN _h181.4 _mदीक्षित |
||
| 999 |
_c121079 _d121079 |
||